Zanzibar - Billy Joel (All Lyrics) - Statistics

General Stats
  • This quiz has been taken 11 times
  • The average score is 169 of 230
Answer Stats
Lyrics % Correct
a
100%
go
100%
in
100%
the
100%
to
100%
Zanzibar
100%
and
90%
at
90%
for
90%
he
90%
he's
90%
me
90%
another
80%
applauds
80%
audience
80%
bathed
80%
but
80%
car
80%
dances
80%
free
80%
got
80%
guitar
80%
hasn't
80%
his
80%
I'm
80%
inning
80%
isn't
80%
I've
80%
jazz
80%
just
80%
lost
80%
man's
80%
old
80%
over
80%
round
80%
smile
80%
sweat
80%
tonight
80%
yet
80%
ahead
70%
Ali
70%
be
70%
don't
70%
down
70%
face
70%
give
70%
I'll
70%
serves
70%
she
70%
she's
70%
style
70%
tab
70%
though
70%
waitress
70%
where
70%
you
70%
always
60%
downtown
60%
every
60%
get
60%
gonna
60%
headlines
60%
it
60%
knows
60%
that's
60%
time
60%
Yankees
60%
away
50%
beer
50%
game
50%
gave
50%
hiding
50%
I'd
50%
only
50%
out
50%
pull
50%
Rose
50%
second
50%
Shantytown
50%
sign
50%
such
50%
trying
50%
base
40%
credit
40%
curtains
40%
fun
40%
grab
40%
if
40%
much
40%
my
40%
so
40%
steal
40%
waiting
40%
with
40%
woah
40%
back
30%
black
30%
come
30%
darkness
30%
everyone
30%
see
30%
tell
30%
white
30%
melodrama's
20%
fore
0%
No matching quizzes found
Score Distribution
Percent of People with Each Score
Percentile by Number Answered
Your Score History
You have not taken this quiz